| 000 | 00630nam a2200229 a 4500 | ||
|---|---|---|---|
| 001 | 8870 | ||
| 003 | BD-RjUL | ||
| 005 | 20211208234652.0 | ||
| 008 | 170508s1954 enka 001 0 eng d | ||
| 035 | _a(BD-RjUL)8915 | ||
| 040 |
_aDLC _cMdU-BC _dBD-RjUL _dBD-RjUL _beng |
||
| 041 | _aeng | ||
| 082 |
_a531.382 _bGRT 1954 _223 |
||
| 100 | 1 |
_aGreen, A. E. _927578 |
|
| 245 | 1 | 0 |
_aTheoretical elasticity / _cby A.E. Green and W. Zerna |
| 260 |
_aOxford : _bClarendon Press, _c1954. |
||
| 300 |
_a442 p. : _bill. ; _c24 cm. |
||
| 500 | _aInclude Index | ||
| 650 | 0 |
_aElasticity. _927075 |
|
| 700 | 1 |
_aZerna, W. _927579 |
|
| 942 |
_2ddc _cBK |
||
| 999 |
_c8870 _d8870 |
||